<?xml version="1.0" encoding="UTF-8"?>
<record
    xmlns:xsi="http://www.w3.org/2001/XMLSchema-instance"
    xsi:schemaLocation="http://www.loc.gov/MARC21/slim http://www.loc.gov/standards/marcxml/schema/MARC21slim.xsd"
    xmlns="http://www.loc.gov/MARC21/slim">

  <leader>00844naa a22002537a 4500</leader>
  <controlfield tag="001">vtls000028212</controlfield>
  <controlfield tag="003">ES-BaIT</controlfield>
  <controlfield tag="005">20260415173059.0</controlfield>
  <controlfield tag="007">t|</controlfield>
  <controlfield tag="008">111114s1998    spc||||||    |00|  |cat|d</controlfield>
  <datafield tag="010" ind1=" " ind2=" ">
    <subfield code="a">28212</subfield>
  </datafield>
  <datafield tag="035" ind1=" " ind2=" ">
    <subfield code="a">0028-21260</subfield>
  </datafield>
  <datafield tag="039" ind1=" " ind2="9">
    <subfield code="a">201403072317</subfield>
    <subfield code="b">VLOAD</subfield>
    <subfield code="c">201303092013</subfield>
    <subfield code="d">VLOAD</subfield>
    <subfield code="c">201111141540</subfield>
    <subfield code="d">VLOAD</subfield>
  </datafield>
  <datafield tag="041" ind1="1" ind2=" ">
    <subfield code="a">cat</subfield>
    <subfield code="h">ger</subfield>
  </datafield>
  <datafield tag="100" ind1="1" ind2=" ">
    <subfield code="a">Schnitzler, Arthur,</subfield>
    <subfield code="d">1862-1931</subfield>
    <subfield code="9">45679</subfield>
  </datafield>
  <datafield tag="240" ind1="1" ind2="0">
    <subfield code="a">Abschiedssouper.</subfield>
    <subfield code="l">Catal&#xE0;</subfield>
  </datafield>
  <datafield tag="245" ind1="1" ind2="0">
    <subfield code="a">Sopar de comiat /</subfield>
    <subfield code="c">Arthur Schnitzler ; traducci&#xF3; de Feliu Formosa</subfield>
  </datafield>
  <datafield tag="500" ind1=" " ind2=" ">
    <subfield code="a">P4: D1, H3</subfield>
  </datafield>
  <datafield tag="500" ind1=" " ind2=" ">
    <subfield code="a">Forma part de: Anatol</subfield>
  </datafield>
  <datafield tag="773" ind1="0" ind2=" ">
    <subfield code="a">Schnitzler, Arthur /</subfield>
    <subfield code="d">Barcelona : Institut del Teatre, Diputaci&#xF3; de Barcelona, 1998</subfield>
    <subfield code="w">vtls000028092</subfield>
    <subfield code="z">84-7794-540-3</subfield>
    <subfield code="0">24434</subfield>
    <subfield code="t">Anatol ; La megalomania d'Anatol</subfield>
  </datafield>
  <datafield tag="790" ind1=" " ind2=" ">
    <subfield code="w">0028-09260</subfield>
  </datafield>
  <datafield tag="790" ind1=" " ind2=" ">
    <subfield code="a">002809260</subfield>
  </datafield>
  <datafield tag="942" ind1=" " ind2=" ">
    <subfield code="c">ART</subfield>
    <subfield code="2">udc</subfield>
  </datafield>
  <datafield tag="999" ind1=" " ind2=" ">
    <subfield code="c">24551</subfield>
    <subfield code="d">24551</subfield>
  </datafield>
</record>
